Soccer players 100.00m € or More Market Value Today - Sudden Death - Statistics

General Stats
  • This quiz has been taken 1,447 times
    473 since last reset
  • The average score is 6 of 14
Answers on the Grid
Answers color-coded by a green-red scale on the quiz's grid according to % correct below.
Alexis Mac Allister
Bukayo Saka
Cole Palmer
Eduardo Camavinga
Enzo Fernández
Erling Haaland
Federico Valverde
Florian Wirtz
Gavi
Harry Kane
Jamal Musiala
Josko Gvardiol
Jude Bellingham
Julián Alvarez
Khvicha Kvaratskhelia
Kylian Mbappé
Lamine Yamal
Lautaro Martínez
Luis Díaz
Martin Ødegaard
Moisés Caicedo
Pedri
Phil Foden
Rafael Leão
Rodrygo
Trent Alexander-Arnold
Victor Osimhen
Vinicius Junior
William Saliba
Xavi Simons
 
Answer Stats
Answer % Correct
Bukayo Saka
68%
Erling Haaland
67%
Cole Palmer
66%
Florian Wirtz
60%
Jude Bellingham
51%
Kylian Mbappé
50%
Lamine Yamal
49%
Jamal Musiala
43%
Vinicius Junior
40%
Pedri
32%
Federico Valverde
31%
Alexis Mac Allister
17%
Phil Foden
14%
Julián Alvarez
10%
No matching quizzes found
Score Distribution
Percent of People with Each Score
Percentile by Number Answered
Your Score History
You have not taken this quiz since the last reset